Statistics for Periodic Table of Elements - In Order

Click here to take the quiz!

General Stats

  • This quiz has been taken 57 times
  • The average score is 96 of 118

Answer Stats

#SymbolElement% Correct
4BeBeryllium
100%
6CCarbon
100%
2HeHelium
100%
1HHydrogen
100%
3LiLithium
100%
7NNitrogen
100%
8OOxygen
100%
13AlAluminium
97%
18ArArgon
97%
33AsArsenic
97%
5BBoron
97%
35BrBromine
97%
20CaCalcium
97%
17ClChlorine
97%
24CrChromium
97%
27CoCobalt
97%
9FFluorine
97%
31GaGallium
97%
26FeIron
97%
36KrKrypton
97%
12MgMagnesium
97%
25MnManganese
97%
10NeNeon
97%
28NiNickel
97%
15PPhosphorus
97%
19KPotassium
97%
37RbRubidium
97%
21ScScandium
97%
14SiSilicon
97%
11NaSodium
97%
38SrStrontium
97%
16SSulfur
97%
22TiTitanium
97%
23VVanadium
97%
39YYttrium
97%
30ZnZinc
97%
29CuCopper
93%
32GeGermanium
93%
42MoMolybdenum
93%
41NbNiobium
93%
34SeSelenium
93%
40ZrZirconium
93%
43TcTechnetium
90%
48CdCadmium
86%
44RuRuthenium
86%
47AgSilver
86%
50SnTin
86%
46PdPalladium
83%
45RhRhodium
83%
51SbAntimony
79%
56BaBarium
79%
55CsCesium
79%
53IIodine
79%
57LaLanthanum
79%
54XeXenon
79%
85AtAstatine
76%
87FrFrancium
76%
79AuGold
76%
49InIndium
76%
80HgMercury
76%
93NpNeptunium
76%
78PtPlatinum
76%
94PuPlutonium
76%
86RnRadon
76%
52TeTellurium
76%
74WTungsten
76%
92UUranium
76%
89AcActinium
72%
83BiBismuth
72%
58CeCerium
72%
63EuEuropium
72%
82PbLead
72%
116LvLivermorium
72%
71LuLutetium
72%
60NdNeodymium
72%
118OgOganesson
72%
61PmPromethium
72%
88RaRadium
72%
75ReRhenium
72%
62SmSamarium
72%
117TsTennessine
72%
65TbTerbium
72%
81TlThallium
72%
70YbYtterbium
72%
95AmAmericium
69%
97BkBerkelium
69%
107BhBohrium
69%
98CfCalifornium
69%
112CnCopernicium
69%
96CmCurium
69%
110DsDarmstadtium
69%
105DbDubnium
69%
66DyDysprosium
69%
99EsEinsteinium
69%
68ErErbium
69%
100FmFermium
69%
114FlFlerovium
69%
64GdGadolinium
69%
72HfHafnium
69%
108HsHassium
69%
67HoHolmium
69%
77IrIridium
69%
103LrLawrencium
69%
109MtMeitnerium
69%
101MdMendelevium
69%
115McMoscovium
69%
113NhNihonium
69%
102NoNobelium
69%
76OsOsmium
69%
84PoPolonium
69%
59PrPraseodymium
69%
91PaProtactinium
69%
111RgRoentgenium
69%
104RfRutherfordium
69%
106SgSeaborgium
69%
73TaTantalum
69%
90ThThorium
69%
69TmThulium
69%

Score Distribution

Percentile by Number Answered

Percent of People with Each Score

Your Score History

You have not taken this quiz